|
|
|
|
| LEADER |
00723nam a22001817a 4500 |
| 008 |
160415b xxu||||| |||| 00| 0 eng d |
| 020 |
|
|
|a 9781107456518
|
| 082 |
|
|
|a 346.086 5 ROB'14
|
| 100 |
|
|
|a Robson, William Newby
|
| 245 |
|
|
|a Principles of Legal liability for Tresspasses & Injuries by Animals
|b Tresspasses & Injuries by Animals
|
| 250 |
|
|
|a Ed.1
|
| 260 |
|
|
|a Cambridge
|b Cambridge University Press
|c 2014
|
| 300 |
|
|
|a 180p.
|
| 500 |
|
|
|a
Include Index
|
| 650 |
|
|
|2 Principles-Legal liability-Tresspasses & Injuries-Animals
|
| 942 |
|
|
|2 ddc
|c REF
|
| 999 |
|
|
|c 9127
|d 9127
|
| 952 |
|
|
|0 0
|1 0
|2 ddc
|4 0
|6 346_086000000000000_5_ROB14
|7 1
|8 REF
|9 12663
|a NUALS
|b NUALS
|c REF
|d 2016-04-15
|l 0
|o 346.086 5 ROB'14
|p 12355
|r 2016-04-15
|w 2016-04-15
|y REF
|